000 00608nam a2200217 a 4500
999 _c1272
_d1272
008 191216r19842010ii a|||g |||| 00| 0 eng d
020 _a9780706987454
_cRs. 300.00
040 _aKO
_beng
041 0 _aeng
044 _aii
082 0 4 _223
_a658.403
_bK8486
100 1 _aKothari, C. R.
245 1 0 _aQuantitative Techniques /
_cC. R. Kothari
250 _a3rd rev. ed.
260 _aNoida :
_bVikas Publishing House Pvt Ltd ,
_c1984, reprinted 2010.
300 _axv, 596 p. :
_bill. ;
_c22 cm
650 0 _aManagement
_xMathematical models
_vTextbooks
904 _aA_BOSE
942 _cBK